A megvalósult szocializmusról - távolódóban

Elmentve itt :
Bibliográfiai részletek
Szerző: Kornai János
További közreműködők: Farkas Zoltán
Adatforrás:Philobibl
Forrásdokumentuma:Világosság 35
1994/1., 10-21. p.
Dokumentumtípus: Cikk
Nyelv:magyar
Kulcsszavak:politikaelmélet
gazdaságtan
LEADER 00432nab a2200145 c 4500
001 bibDOK00005129
005 20200924120115.4
008 060518s1994 hu hun
100 1 |a Kornai János 
245 1 2 |a A megvalósult szocializmusról - távolódóban  |c Kornai János ; Farkas Zoltán 
500 |a interjú 
695 |a politikaelmélet 
695 |a gazdaságtan 
700 1 |a Farkas Zoltán 
773 0 |t Világosság 35  |g 1994/1., 10-21. p.